| 000 | 00716nam a2200229 u 4500 | ||
|---|---|---|---|
| 005 | 20240228063653.0 | ||
| 008 | 150121s2006 es r 000 0 spa d | ||
| 020 | _a8495731959 | ||
| 035 | _aUPN01000201367 | ||
| 049 | _aI | ||
| 050 | 4 |
_aPZ74.7 _bG3.65 |
|
| 100 | 1 |
_aGanges, Montse _931017 |
|
| 245 | 1 | 0 |
_aMiniman y la espada del poder / _cMontse Ganges ; il. Pep Montserrat ; tr. Margarita Frias. |
| 260 |
_aBarcelona, Esp. : _bCromosoma, _cc2006. |
||
| 300 | _a[30] p. | ||
| 440 | 0 |
_aMinihistórias ; _pminiman. _v5 |
|
| 650 | 0 |
_aHistorias de aventuras _94131 |
|
| 650 | 4 |
_aRATONES - _vLITERATURA INFANTIL _910248 |
|
| 650 | 4 |
_aLiteratura infantil española _95892 |
|
| 905 | _aInfantil | ||
| 999 |
_c173468 _d173468 |
||